00607cam a22001933a 450000100060000000300060000600500170001200800410002904000150007004200070008510000230009224501290011526000290024450600300027351600200030370000190032383000290034285600420037140327PGUSA20140828083912.0120725s2012||||xxu|||||s|||||000 | eng d aPGUSAbeng adc1 aReichhardt, Rudolf10aRübezahl :bDeutsche Volksmärchen vom Berggeist und Herrn des Riesengebirgesh[electronic resource] /cRudolf Reichhardt bProject Gutenberg,c2012 aPublic domain in the USA. aElectronic text1 aSiegert, Eugen 0aProject Gutenbergv4032740uhttp://www.gutenberg.org/ebooks/40327